<?xml version="1.0" encoding="UTF-8"?>
<record
    xmlns:xsi="http://www.w3.org/2001/XMLSchema-instance"
    xsi:schemaLocation="http://www.loc.gov/MARC21/slim http://www.loc.gov/standards/marcxml/schema/MARC21slim.xsd"
    xmlns="http://www.loc.gov/MARC21/slim">

  <leader>01130nam a2200265 a 4500</leader>
  <controlfield tag="001">44960</controlfield>
  <controlfield tag="003">BD-RjUL</controlfield>
  <controlfield tag="005">20211209053937.0</controlfield>
  <controlfield tag="008">160721s1976    bg  |||| b||| 000 0 ben d</controlfield>
  <datafield tag="035" ind1=" " ind2=" ">
    <subfield code="a">(BD-RjUL)45078</subfield>
  </datafield>
  <datafield tag="040" ind1=" " ind2=" ">
    <subfield code="a">BD-RjUL</subfield>
    <subfield code="b">ben</subfield>
    <subfield code="c">BD-RjUL</subfield>
  </datafield>
  <datafield tag="041" ind1=" " ind2=" ">
    <subfield code="a">ben</subfield>
  </datafield>
  <datafield tag="082" ind1=" " ind2=" ">
    <subfield code="2">23</subfield>
    <subfield code="a">330.95492</subfield>
    <subfield code="b">SAB 1976</subfield>
  </datafield>
  <datafield tag="100" ind1="1" ind2="0">
    <subfield code="a">&#x9B8;&#x9BE;&#x9A6;&#x9C7;&#x995;, &#x9AE;&#x9CB;&#x9B9;&#x9BE;&#x9AE;&#x9CD;&#x9AE;&#x9A6;</subfield>
    <subfield code="9">124876</subfield>
  </datafield>
  <datafield tag="245" ind1="1" ind2="0">
    <subfield code="a">&#x9AC;&#x9BE;&#x982;&#x9B2;&#x9BE;&#x9A6;&#x9C7;&#x9B6;&#x9C7;&#x9B0; &#x9B8;&#x9AE;&#x9B7;&#x9CD;&#x99F;&#x9BF;- &#x989;&#x9A8;&#x9CD;&#x9A8;&#x9AF;&#x9BC;&#x9A8; &#x993; &#x9AA;&#x9B2;&#x9CD;&#x9B2;&#x9C0; &#x9AA;&#x9C1;&#x9B0;&#x9CD;&#x9A8;&#x997;&#x9A0;&#x9A8; /</subfield>
    <subfield code="c">&#x9AE;&#x9CB;&#x9B9;&#x9BE;&#x9AE;&#x9CD;&#x9AE;&#x9A6; &#x9B8;&#x9BE;&#x9A6;&#x9C7;&#x995; , &#x986;&#x9AC;&#x9A6;&#x9C1;&#x9B2; &#x9B9;&#x9BE;&#x9B2;&#x9BF;&#x9AE;</subfield>
  </datafield>
  <datafield tag="260" ind1=" " ind2=" ">
    <subfield code="a">&#x9A2;&#x9BE;&#x995;&#x9BE; :</subfield>
    <subfield code="b">&#x9AC;&#x9BE;&#x982;&#x9B2;&#x9BE; &#x98F;&#x995;&#x9BE;&#x9A1;&#x9C7;&#x9AE;&#x9C0;,</subfield>
    <subfield code="c">&#x9E7;&#x9EF;&#x9ED;&#x9EC;</subfield>
  </datafield>
  <datafield tag="300" ind1=" " ind2=" ">
    <subfield code="a">&#x9E8;&#x9EB;&#x9E9; &#x9AA;&#x9C3;. ;</subfield>
    <subfield code="c">&#x9E8;&#x9E6; &#x9B8;&#x9C7;&#x9AE;&#x9BF;.</subfield>
  </datafield>
  <datafield tag="490" ind1=" " ind2=" ">
    <subfield code="a">&#x9AC;&#x9BE;&#x98F; ;</subfield>
    <subfield code="v">&#x9ED;&#x9EB;&#x9EC;</subfield>
  </datafield>
  <datafield tag="504" ind1=" " ind2=" ">
    <subfield code="a">&#x9A4;&#x9A5;&#x9CD;&#x9AF; &#x9A8;&#x9BF;&#x9B0;&#x9CD;&#x9A6;&#x9C7;&#x9B6;&#x9A8;&#x9BE;</subfield>
  </datafield>
  <datafield tag="650" ind1=" " ind2=" ">
    <subfield code="a">&#x985;&#x9B0;&#x9CD;&#x9A5;&#x9A8;&#x9C8;&#x9A4;&#x9BF;&#x995; &#x985;&#x9AC;&#x9B8;&#x9CD;&#x9A5;&#x9BE;</subfield>
    <subfield code="z">&#x9AC;&#x9BE;&#x982;&#x9B2;&#x9BE;&#x9A6;&#x9C7;&#x9B6;</subfield>
    <subfield code="9">122999</subfield>
  </datafield>
  <datafield tag="650" ind1=" " ind2=" ">
    <subfield code="a">Economy Condition</subfield>
    <subfield code="z">Bangladesh</subfield>
    <subfield code="9">137791</subfield>
  </datafield>
  <datafield tag="700" ind1=" " ind2=" ">
    <subfield code="a">&#x9B9;&#x9BE;&#x9B2;&#x9BF;&#x9AE;, &#x986;&#x9AC;&#x9A6;&#x9C1;&#x9B2;, &#x9AF;&#x9C1;&#x997;&#x9CD;&#x9AE; &#x9B2;&#x9C7;&#x996;&#x995;</subfield>
    <subfield code="9">137792</subfield>
  </datafield>
  <datafield tag="830" ind1=" " ind2=" ">
    <subfield code="a">&#x9AC;&#x9BE;&#x98F; ;</subfield>
    <subfield code="v">&#x9ED;&#x9EB;&#x9EC;</subfield>
    <subfield code="9">161718</subfield>
  </datafield>
  <datafield tag="942" ind1=" " ind2=" ">
    <subfield code="2">ddc</subfield>
    <subfield code="c">BK</subfield>
  </datafield>
  <datafield tag="999" ind1=" " ind2=" ">
    <subfield code="c">44960</subfield>
    <subfield code="d">44960</subfield>
  </datafield>
  <datafield tag="952" ind1=" " ind2=" ">
    <subfield code="0">0</subfield>
    <subfield code="1">0</subfield>
    <subfield code="2">ddc</subfield>
    <subfield code="4">0</subfield>
    <subfield code="7">0</subfield>
    <subfield code="8">NFIC</subfield>
    <subfield code="a">RUCL</subfield>
    <subfield code="b">RUCL</subfield>
    <subfield code="c">Stack</subfield>
    <subfield code="d">1977-06-29</subfield>
    <subfield code="e">Rajshahi Urekabooks agency</subfield>
    <subfield code="g">18.00</subfield>
    <subfield code="l">0</subfield>
    <subfield code="o">B 330.95492 SAB 1976</subfield>
    <subfield code="r">2016-07-21 00:00:00</subfield>
    <subfield code="t">C-2</subfield>
    <subfield code="w">2016-07-21</subfield>
    <subfield code="y">BK</subfield>
  </datafield>
  <datafield tag="952" ind1=" " ind2=" ">
    <subfield code="0">0</subfield>
    <subfield code="1">0</subfield>
    <subfield code="2">ddc</subfield>
    <subfield code="4">0</subfield>
    <subfield code="7">0</subfield>
    <subfield code="8">NFIC</subfield>
    <subfield code="a">RUCL</subfield>
    <subfield code="b">RUCL</subfield>
    <subfield code="c">Stack</subfield>
    <subfield code="d">1978-06-26</subfield>
    <subfield code="e">Eureka Book Agency, Rajshahi</subfield>
    <subfield code="g">18.00</subfield>
    <subfield code="l">0</subfield>
    <subfield code="o">B 330.95492 SAB 1976</subfield>
    <subfield code="r">2016-07-21 00:00:00</subfield>
    <subfield code="t">C-3</subfield>
    <subfield code="w">2016-07-21</subfield>
    <subfield code="y">BK</subfield>
  </datafield>
  <datafield tag="952" ind1=" " ind2=" ">
    <subfield code="0">0</subfield>
    <subfield code="1">0</subfield>
    <subfield code="2">ddc</subfield>
    <subfield code="4">0</subfield>
    <subfield code="7">1</subfield>
    <subfield code="8">NFIC</subfield>
    <subfield code="a">RUCL</subfield>
    <subfield code="b">RUCL</subfield>
    <subfield code="c">Reading</subfield>
    <subfield code="d">1998-09-27</subfield>
    <subfield code="e">RULC</subfield>
    <subfield code="g">18.00</subfield>
    <subfield code="l">0</subfield>
    <subfield code="o">B 330.95492 SAB 1976</subfield>
    <subfield code="r">2016-08-17 00:00:00</subfield>
    <subfield code="t">C-1</subfield>
    <subfield code="w">2021-12-09</subfield>
    <subfield code="y">BK</subfield>
  </datafield>
  <datafield tag="952" ind1=" " ind2=" ">
    <subfield code="0">0</subfield>
    <subfield code="1">0</subfield>
    <subfield code="2">ddc</subfield>
    <subfield code="4">0</subfield>
    <subfield code="7">0</subfield>
    <subfield code="8">NFIC</subfield>
    <subfield code="a">RUCL</subfield>
    <subfield code="b">RUCL</subfield>
    <subfield code="c">Stack</subfield>
    <subfield code="d">1978-06-26</subfield>
    <subfield code="e">Eureka Book Agency, Rajshahi</subfield>
    <subfield code="g">18.00</subfield>
    <subfield code="l">0</subfield>
    <subfield code="o">B 330.95492 SAB 1976</subfield>
    <subfield code="r">2016-12-29 00:00:00</subfield>
    <subfield code="t">C-4</subfield>
    <subfield code="w">2016-12-29</subfield>
    <subfield code="y">BK</subfield>
  </datafield>
  <datafield tag="952" ind1=" " ind2=" ">
    <subfield code="0">0</subfield>
    <subfield code="1">0</subfield>
    <subfield code="2">ddc</subfield>
    <subfield code="4">0</subfield>
    <subfield code="7">0</subfield>
    <subfield code="8">NFIC</subfield>
    <subfield code="a">RUCL</subfield>
    <subfield code="b">RUCL</subfield>
    <subfield code="c">Stack</subfield>
    <subfield code="d">1977-06-29</subfield>
    <subfield code="e">Euraka Book Agency, Rajshahi.</subfield>
    <subfield code="l">0</subfield>
    <subfield code="o">B 330.95492 SAB 1976</subfield>
    <subfield code="r">2021-10-11 00:00:00</subfield>
    <subfield code="t">C-5</subfield>
    <subfield code="w">2021-10-11</subfield>
    <subfield code="y">BK</subfield>
  </datafield>
  <datafield tag="952" ind1=" " ind2=" ">
    <subfield code="0">0</subfield>
    <subfield code="1">0</subfield>
    <subfield code="2">ddc</subfield>
    <subfield code="4">0</subfield>
    <subfield code="7">0</subfield>
    <subfield code="8">NFIC</subfield>
    <subfield code="a">RUCL</subfield>
    <subfield code="b">RUCL</subfield>
    <subfield code="c">GEN</subfield>
    <subfield code="d">1982-06-17</subfield>
    <subfield code="e">Aligore Library</subfield>
    <subfield code="g">18.00</subfield>
    <subfield code="l">0</subfield>
    <subfield code="o">B 330.95492 SAB 1976</subfield>
    <subfield code="r">2022-11-03 00:00:00</subfield>
    <subfield code="t">C-6</subfield>
    <subfield code="w">2022-11-03</subfield>
    <subfield code="y">BK</subfield>
  </datafield>
</record>
